<?xml version="1.0" encoding="UTF-8"?>
<collection xmlns="http://www.loc.gov/MARC21/slim">
  <record>
    <leader>00000nam  2200000   4500</leader>
    <controlfield tag="001">INLIS000000000010453</controlfield>
    <controlfield tag="005">20210428105205</controlfield>
    <datafield tag="035" ind1="#" ind2="#">
      <subfield code="a">0010-0421000334</subfield>
    </datafield>
    <controlfield tag="007">ta</controlfield>
    <controlfield tag="008">210428################g##########0#ind##</controlfield>
    <datafield tag="082" ind1="#" ind2="#">
      <subfield code="a">332.110 942</subfield>
    </datafield>
    <datafield tag="084" ind1="#" ind2="#">
      <subfield code="a">332.110 942 Bag l</subfield>
    </datafield>
    <datafield tag="100" ind1=" " ind2="#">
      <subfield code="a">Bagehot, Walter</subfield>
    </datafield>
    <datafield tag="245" ind1="1" ind2="#">
      <subfield code="a">Lombard street :</subfield>
      <subfield code="b">a description of the money market /</subfield>
      <subfield code="c">Walter Bagehot</subfield>
    </datafield>
    <datafield tag="260" ind1="#" ind2="#">
      <subfield code="a">Jakarta :</subfield>
      <subfield code="b">Richard D Irwin, INC,</subfield>
      <subfield code="c">1962</subfield>
    </datafield>
    <datafield tag="300" ind1="#" ind2="#">
      <subfield code="a">xvi, 176 hal. :</subfield>
      <subfield code="b">ilus. ;</subfield>
      <subfield code="c">21 cm</subfield>
    </datafield>
    <datafield tag="650" ind1="#" ind2="#">
      <subfield code="a">pasar uang</subfield>
    </datafield>
    <datafield tag="856" ind1="#" ind2="#">
      <subfield code="a">Perpustakaan LAN</subfield>
    </datafield>
    <datafield tag="990" ind1="#" ind2="#">
      <subfield code="a">11644</subfield>
    </datafield>
    <datafield tag="990" ind1="#" ind2="#">
      <subfield code="a">11125</subfield>
    </datafield>
  </record>
</collection>
